Nonisotopic probing, blotting, and sequencing
Uloženo v:
| Hlavní autor: | |
|---|---|
| Médium: | Kniha |
| Jazyk: | angličtina |
| Vydáno: |
San Diego, USA
Academic
1995
|
| Vydání: | Segunda edición |
| Témata: | |
| Tagy: |
Přidat tag
Žádné tagy, Buďte první, kdo vytvoří štítek k tomuto záznamu!
|
MARC
| LEADER | 00000nam a2200000 a 4500 | ||
|---|---|---|---|
| 001 | UCT5456 | ||
| 003 | CL-VaPUC | ||
| 005 | 20230603074423.0 | ||
| 008 | 961211e19950000US |||||||||||||||||eng|d | ||
| 999 | |c 254385 |d 254383 | ||
| 040 | |c Pontificia Universidad Católica de Valparaíso | ||
| 082 | 0 | 4 | |a 541.22 KRI 1995 |2 21 |
| 100 | 0 | |a Kricka, Larry J |9 374923 | |
| 245 | 1 | 0 | |a Nonisotopic probing, blotting, and sequencing |
| 250 | |a Segunda edición | ||
| 260 | 0 | 3 | |a San Diego, USA |b Academic |c 1995 |
| 300 | |a 518 páginas | ||
| 583 | |a last modification |c 19961211 00:00:00 |k Rodrigo Vera | ||
| 650 | 0 | |a Moléculas |9 259584 | |
| 650 | 0 | |a Microbiología |9 259706 | |
| 650 | 0 | |a Aminoácidos |9 259616 | |
| 650 | 0 | |a Ácidos nucleicos |9 348842 | |
| 650 | 0 | |a Ácido desoxirribonucleico (ADN) |9 361158 | |
| 650 | 7 | |a ENERGIA QUIMICA |2 CL-VaPUC |9 374924 | |
| 942 | |c BK |2 ddc | ||
| 945 | |d 19961211 00:00:00 |a paguirre | ||